LEADER 03762nam a2200589 a 4500 001 000000115859 003 CaOOAMICUS 005 20180528112256.0 008 090526m20099999it af u000 u ita r 020 $a978-88-372-3065-4 (v. 6)* 020 $a978-88-372-2667-1 (v. 5)* 020 $a978-88-372-2603-9 (v. 4)* 020 $a978-88-372-2530-8 (v. 3)* 020 $z978-88-372-2292-5 (v. 1)* 020 $z978-88-372-2293-2 (v. 2)* 032 $aLibriCat 040 $aPUL$bita$dLDB 082 04$a850.9 245 03$aLa Bibbia nella letteratura italiana /$copera diretta da Pietro Gibellini. 260 $aBrescia :$bMorcelliana,$c2009- 300 $av. :$bill., tav. ;$c23 cm. 490 1 $aBiblioteca Morcelliana ;$v16, 20, 22, 25-26 504 $aComprende riferimenti bibliografici e indice. 505 0 $av. 1. Dall'Illuminismo al Decadentismo / a cura di Pietro Gibellini e Nicola Di Nino. -- v. 2. L'età contemporanea / a cura di Pietro Gibellini e Nicola Di Nino. -- v. 3. Antico Testamento / a cura di Raffaella Bertazzoli e Silvia Longhi. -- v. 4. Nuovo Testamento / a cura di Raffaella Bertazzoli e Silvia Longhi. -- v. 5. Dal Medioevo al Rinascimento / a cura di Grazia Melli e Marialuigia Sipione. -- v. 6. Dalla Controriforma all'Età napoleonica / a cura di Tiziana Piras e Maria Belponer. 630 04$aBiblia$xNella letteratura$zItalia.$0(OLS)http://pul/subject/35386 700 1 $aGibellini, Pietro.$0(OLS)http://pul/name/64518 700 1 $aDi Nino, Nicola.$0(OLS)http://pul/name/71889 700 1 $aLonghi, Silvia.$0(OLS)http://pul/name/108134 700 1 $aBelponer, Maria.$0(OLS)http://pul/name/108129 700 1 $aSipione, Marialuigia.$0(OLS)http://pul/name/108132 700 1 $aMelli, Grazia.$0(OLS)http://pul/name/108131 700 1 $aPiras, Tiziana.$0(OLS)http://pul/name/108130 700 1 $aBertazzoli, Raffaella.$0(OLS)http://pul/name/108133 830 0$aBiblioteca Morcelliana ;$v16, 20, 22, 25-26.$0(OLS)http://pul/title/104897 850 $aPUL 852 $aPUL$W1$xSL Cons. Gen., Altre Classi 3$y75$m850. 9 GIBPI 1.2$j133326$av. 2$qDDC 21$B132355$CPULBib$Z2$F132355 $H110786 $82 852 $aPUL$W1$xSL Cons. Gen., Altre Classi 3$y75$m850. 9 GIBPI 1.1$j132761$av. 1$qDDC 21$B131757$CPULBib$Z2$F131757 $H110508 $82 852 $aPUL$W1$xSL Cons. Gen., Altre Classi 3$y75$m850. 9 GIBPI 1.3$j191602$bv. 3$qDDC 21$B195721$CPULBib$Z2$F195721 $H130838 $81 852 $aPUL$W1$xSL Cons. Gen., Altre Classi 3$y75$m850. 9 GIBPI 1.4$j191603$bv. 4$qDDC 21$B195722$CPULBib$Z2$F195722 $H130839 $81 852 $aPUL$W1$xSL Cons. Gen., Altre Classi 3$y75$m850. 9 GIBPI 1.5$j191604$bv. 5$qDDC 21$B195723$CPULBib$Z2$F195723 $H130840 $81 852 $aPUL$W1$xSL Cons. Gen., Altre Classi 3$y75$m850. 9 GIBPI 1.6$j191605$bv. 6$qDDC 21$B195724$CPULBib$Z2$F195724 $H130841 $81 941 1 $a9 996 $6020$z978-88-372-2292-5 (v. 1)*$9(OLS)http://pul/number/140855 996 $6020$z978-88-372-2293-2 (v. 2)*$9(OLS)http://pul/number/141232 996 $6020$a978-88-372-3065-4 (v. 6)*$9(OLS)http://pul/number/164197 996 $6020$a978-88-372-2667-1 (v. 5)*$9(OLS)http://pul/number/164196 996 $6020$a978-88-372-2603-9 (v. 4)*$9(OLS)http://pul/number/164195 996 $6020$a978-88-372-2530-8 (v. 3)*$9(OLS)http://pul/number/164194 996 $6082$a850.9$9(OLS)http://pul/classification/1732 996 $6245$aLa Bibbia nella letteratura italiana$9(OLS)http://pul/title/145587 996 $6260$aBrescia :$bMorcelliana$9(OLS)http://pul/publisher/47854 LEADER 01303nam a2200313 a 4500 001 000000158040 003 CaOOAMICUS 005 20170123093142.0 008 170123s2016 it u000 u ita r 020 $a978-88-15-26660-6* 032 $aLibriCat 040 $aPUL$bita 245 02$aI gesuiti e i papi /$ca cura di Michela Catto, Claudio Ferlan. 260 $aBologna :$bIl Mulino,$c©2016. 300 $a223 p. ;$c22 cm. 490 1 $aAnnali dell'Istituto storico italo-germanico. Quaderni ;$v97 500 $aNell'occh.: Fondazione Bruno Kessler. 504 $aBibliografia in nota. 610 24$aGesuiti$xStoria.$0(OLS)http://pul/subject/907 700 1 $aCatto, Michela.$0(OLS)http://pul/name/52312 700 1 $aFerlan, Claudio.$0(OLS)http://pul/name/83750 830 0$aAnnali dell'Istituto storico italo-germanico in Trento.$pQuaderni ;$v97.$0(OLS)http://pul/title/8598 850 $aPUL 852 $aPUL$W1$xDP1 Riviste Correnti$y15$m1094 D 2.97$j181369$qPeriodici$B184510$CPULBib$Z2$F184510 $H128788 $81 941 1 $a5 996 $6020$a978-88-15-26660-6*$9(OLS)http://pul/number/161824 996 $6245$aI gesuiti e i papi$9(OLS)http://pul/title/197641 996 $6260$aBologna :$bIl Mulino$9(OLS)http://pul/publisher/47928